| 000 | 00802naa a2200205 4500 | ||
|---|---|---|---|
| 001 | 205098 | ||
| 003 | ES-MaBCM | ||
| 005 | 20230225083327.0 | ||
| 008 | 170420t2017 sp ||||| |||| 00| 0 spa d | ||
| 021 | _axx | ||
| 035 | _a(OCoLC)1293193262 | ||
| 040 | _cES-MaBCM | ||
| 100 | 1 |
_915298 _aFernández Docampo, María Belén |
|
| 245 | 1 | 3 |
_aLa ejecución en los procesos de despidos colectivos _b: Especial referencia a las sentencias de naturaleza colectiva _cBelén Fernández Docampo |
| 504 | _aIncluye referencias bibliográficas | ||
| 650 | 2 | 7 |
_aDespido colectivo _2 _958390 |
| 650 | 7 |
_aEjecución de sentencia _2 _958487 |
|
| 773 | 0 |
_d Las Rozas (Madrid) _gN. 28 (abr. 2017), p. 57-72 - Loc. S.520 _tTrabajo y Derecho: nueva revista de actualidad y relaciones laborales _w198687 |
|
| 942 |
_2udc _cAREV |
||
| 999 |
_c205098 _d205098 |
||